Statistics for Square Countdown

Click here to take the quiz!

General Stats

  • This quiz has been taken 29 times
  • The average score is 15 of 18

Answer Stats

x2% Correct
16
96%
4
96%
9
96%
25
92%
36
92%
49
92%
100
88%
121
88%
144
88%
64
88%
81
88%
169
81%
225
77%
196
69%
361
58%
256
54%
289
54%
324
50%

Score Distribution

Percentile by Number Answered

Percent of People with Each Score

Your Score History

You have not taken this quiz